Historias de los jóvenes en México : su presencia en el siglo XX /

Na minha lista:
Detalhes bibliográficos
Autor principal: Pérez Islas, José Antonio (coord.)
Outros Autores: Urteaga Castro-Pozo, Maritza (coordinación) (coordinación), Castaño Contreras, Cristián (presentación) (presentación), Ruiz Dueñas, Jorge (presentación) (presentación)
Formato: Livro
Idioma:espanhol
Publicado em: México : Instituto Mexicano de la Juventud : Secretaría de Gobernación : Archivo General de la Nación, 2004, c2004
Colecção:(Jóvenes ; 16)
Assuntos:
Tags: Adicionar Tag
Sem tags, seja o primeiro a adicionar uma tag!

MARC

LEADER 00000nam^a2200000^a^4500
001 000175041
005 20250521000000.0
009 20260310101550.727
020 |a 968-5224-53-6 
037 |a Acervo ITESO - Biblioteca 
041 |a ESP 
082 |a 305. 235097206  |b PER 
100 |a Pérez Islas, José Antonio  |e (coord.) 
245 1 0 |a Historias de los jóvenes en México :  |b su presencia en el siglo XX /  |c Coord. e introd. de J.A. Pérez Islas, M. Urteaga Castro-Pozo ; presen. de C. Castaño Contreras, J. Ruiz Dueñas. 
264 4 |a México :  |b Instituto Mexicano de la Juventud :  |b Secretaría de Gobernación :  |b Archivo General de la Nación,  |c 2004, c2004 
300 |a 419 p. 
336 |a texto  |b txt  |2 rdacontenido 
337 |a sin mediación  |b n  |2 rdamedio 
338 |a volumen  |b nc  |2 rdasoporte 
440 1 |a (Jóvenes ;  |v 16) 
649 |a XX 
650 |a Jóvenes -  |z México -  |x Investigación 
650 |a Jóvenes -  |z México -  |x Condiciones Sociales y Culturales 
650 |a Jóvenes -  |z México -  |x Historia 
650 |a Mujeres Mexicanas -  |x Condiciones Sociales y Culturales 
650 |a Mujeres Mexicanas -  |x Historia 
650 |a Población -  |z México -  |x Historia -  |y 1946-2000 
650 |a Población -  |z México -  |x Historia -  |y Siglo XX 
650 |a Cortejo y Seducción -  |z México -  |x Historia 
650 |a Noviazgo -  |z México -  |x Historia 
650 |a Relaciones de Pareja -  |z México -  |x Historia 
650 |a Rock -  |z México -  |x Historia y Crítica 
650 |a Rock -  |x Historia y Crítica 
650 |a Música Popular Moderna -  |z México -  |x Historia y Crítica 
650 |a Música Popular Moderna -  |y Siglo XX 
650 |a Prácticas Culturales -  |z México -  |x Historia 
650 |a Delincuencia Juvenil -  |z México (Ciudad) -  |x Historia -  |y 1910-1946 
650 |a Problemas Sociales -  |z México (Ciudad) -  |x Historia -  |y 1910-1946 
650 |a Política Educativa -  |z México -  |x Historia -  |y Régimen Cardenista, 1934-1940 
650 |a Educación y Estado -  |z México -  |x Historia -  |y Régimen Cardenista, 1934-1940 
650 |a Izquierda, La -  |z México (Ciudad) -  |x Historia -  |y 1946-2000 
650 |a Movimientos Estudiantiles -  |z México (Ciudad) -  |x Historia -  |y 1946-2000 
650 |a Movimientos Sociales -  |z México (Ciudad) -  |x Historia -  |y 1946-2000 
650 |a Universidades Públicas -  |z México (Ciudad) -  |x Historia -  |y 1946-2000 
650 |a Instituciones Educativas -  |z México (Ciudad) -  |x Historia -  |y 1946-2000 
650 |a Educación Superior -  |z México (Ciudad) -  |x Historia -  |y 1946-2000 
650 |a UNAM -  |x Historia 
650 |a Educación y Política -  |z México -  |x Historia 
650 |a Burguesía -  |z México -  |x Historia -  |y Porfirismo, 1876-1911 
650 |a Control Social -  |z México -  |x Historia 
650 |a México -  |x Historia -  |y Siglo XX 
650 |a Demografía 
650 |a Música y Sociedad -  |z México -  |x Historia y Crítica 
650 |a Sociología de la Educación 
650 |a Sociología Política 
700 |a Urteaga Castro-Pozo, Maritza  |e (coordinación) 
700 |a Castaño Contreras, Cristián  |e (presentación) 
700 |a Ruiz Dueñas, Jorge  |e (presentación) 
910 |a Fondo General 
920 |a Impresos - Libros 
930 |a Colección General 
905 |a 101 
901 |a 0500113230  |b IT1  |c ACC  |u 20250521 
901 |a 0500124431  |b IT1  |c ACC  |u 20250521 
902 |a https://opac.biblio.iteso.mx/vufind/Record/000175041